000 00390nam a2200169Ia 4500
001 5239
003 IN-NITTTR
005 20251114233007.0
008 251113s9999||||xx |||||||||||||| ||eng||
040 _beng
040 _cIN-NITTTR
041 _aeng
082 _a575.0162 D259
100 _aDarwin, Charles
245 0 _aDrawn the origin of species /
_cDarwin, Charles
942 _2ddc
_cBK
999 _c7875
_d7875